UBT Library

WRITING IN THE CORE (Record no. 58726)

000 -LEADER
fixed length control field 00321nam a22001457a 4500
008 - FIXED-LENGTH DATA ELEMENTS--GENERAL INFORMATION
fixed length control field 221104b ||||| |||| 00| 0 eng d
020 ## - INTERNATIONAL STANDARD BOOK NUMBER
International Standard Book Number 978168036314285177416
041 ## - LANGUAGE CODE
Language code of text/sound track or separate title eng
080 ## - UNIVERSAL DECIMAL CLASSIFICATION NUMBER
Edition identifier 2e
Universal Decimal Classification number 004
082 ## - DEWEY DECIMAL CLASSIFICATION NUMBER
Classification number 004
100 ## - Rafti
Rafti 19
101 ## - Shkurtesa
Shkurtesa shk
245 ## - TITLE STATEMENT
Title WRITING IN THE CORE
Statement of responsibility, etc ANGLESEY C
942 ## - ADDED ENTRY ELEMENTS (KOHA)
Source of classification or shelving scheme
Item type Books
Holdings
Withdrawn status Lost status Source of classification or shelving scheme Damaged status Not for loan Collection code Permanent location Current location Date acquired Total Checkouts Full call number Barcode Date last seen Price effective from Koha item type
          Koleksioni i përgjithshem UBT - Lipjan UBT - Lipjan 11/04/2022   004 ANG 002-800028700260416 11/04/2022 11/04/2022 Books
          Koleksioni i përgjithshem UBT - Lipjan UBT - Lipjan 11/04/2022   004 ANG 002-800028700260417 11/04/2022 11/04/2022 Books
          Koleksioni i përgjithshem UBT - Lipjan UBT - Lipjan 11/04/2022   004 ANG 002-800028700260418 11/04/2022 11/04/2022 Books
          Koleksioni i përgjithshem UBT - Lipjan UBT - Lipjan 11/04/2022   004 ANG 002-800028700260419 11/04/2022 11/04/2022 Books
          Koleksioni i përgjithshem UBT - Lipjan UBT - Lipjan 11/04/2022   004 ANG 002-800028700260420 11/04/2022 11/04/2022 Books
          Koleksioni i përgjithshem UBT - Lipjan UBT - Lipjan 11/04/2022   004 ANG 002-800028700260421 11/04/2022 11/04/2022 Books
UBT Library © 2015-2024. All rights reserved University Education for Business and Technology